000 00374nam a2200133Ia 4500
008 191206s9999 xx 000 0 und d
020 _a9.78075E+12
090 _aGR41.A385
245 0 _a"companion to the folklore, myths & customs of Britain"
260 _aSutton Pub.
260 _cc2005
300 _a"xii, 356 p. : ill. (some col.) ; 25 cm."
999 _c15715
_d15715